00565nam a22002177a 450000500170000001000130001702000220003003500130005203700160006504000120008108200160009310000180010924500500012726000290017727000240020630000340023050000190026465000320028365000160031570000160033120170124110221.0 aA-605687 c00.00a0713901373 aA-605687 bCen Lib/Ret aDPLbEN a571.03bBRY aBray, Warwick aA dictionary of archaeology /cby Warick Bray aLondonbAllen Lanec1970 bLondonaVigo Street a269p. :c22cm(Hb)bill.emaps aIncludes index aArchaeology -- Dictionaries aArchaeology aTrump, Davi